| 000 -LEADER | |
|---|---|
| fixed length control field | 00392nam a22001817a 4500 |
| 005 - DATE AND TIME OF LATEST TRANSACTION | |
| control field | 20170920122338.0 |
| 008 - FIXED-LENGTH DATA ELEMENTS--GENERAL INFORMATION | |
| fixed length control field | 160905b xxu||||| |||| 00| 0 eng d |
| 020 ## - INTERNATIONAL STANDARD BOOK NUMBER | |
| ISBN | 978-81-317-3253-3 |
| 041 ## - LANGUAGE CODE | |
| Language code of text/sound track or separate title | eng |
| 082 ## - DEWEY DECIMAL CLASSIFICATION NUMBER | |
| Classification number | 621 |
| 100 ## - MAIN ENTRY--AUTHOR NAME | |
| Personal name | BOLTON,W |
| 245 ## - TITLE STATEMENT | |
| Title | MECHATRONICS |
| 250 ## - EDITION STATEMENT | |
| Edition statement | 4th |
| 260 ## - PUBLICATION, DISTRIBUTION, ETC. (IMPRINT) | |
| Name of publisher | PEARSON |
| Year of publication | 2014 |
| 300 ## - PHYSICAL DESCRIPTION | |
| Number of Pages | 582 |
| 650 ## - SUBJECT ADDED ENTRY--TOPICAL TERM | |
| Topical Term | ENGINEERING |
| 942 ## - ADDED ENTRY ELEMENTS (KOHA) | |
| Koha item type | Books |
| Lost status | Damaged status | Collection code | Home library | Current library | Shelving location | Date acquired | Source of acquisition | Cost, normal purchase price | Full call number | Accession Number | Copy number | Koha item type |
|---|---|---|---|---|---|---|---|---|---|---|---|---|
| Reference | JRU Library | SHELF -72 - I | 05/09/2016 | PURCHASE | 719.00 | 621 | 21050 | 3 | Books | |||
| JRU Library | SHELF-44-I | 05/09/2016 | PURCHASE | 719.00 | 621 | 21051 | 3 | Books | ||||
| JRU Library | SHELF-44-I | 05/09/2016 | PURCHASE | 719.00 | 621 | 21052 | 3 | Books | ||||
| JRU Library | SHELF-44-I | 20/09/2017 | Purchase | 749.00 | 621 | 22034 | Books | |||||
| JRU Library | SHELF-44-I | 20/09/2017 | Purchase | 749.00 | 621 | 22035 | Books | |||||
| JRU Library | SHELF-44-I | 20/09/2017 | Purchase | 749.00 | 621 | 22036 | Books | |||||
| JRU Library | SHELF-44-I | 20/09/2017 | Purchase | 749.00 | 621 | 22037 | Books | |||||
| JRU Library | SHELF-44-I | 20/09/2017 | Purchase | 749.00 | 621 | 22038 | Books |